[Event "Oslo op"]
[Site "Fornebu"]
[Date "2017.10.03"]
[Round "6"]
[White "Lindblom, Roar"]
[Black "Sidali, Elias Hulleberg"]
[Result "1-0"]
[WhiteElo "1940"]
[BlackElo "1763"]
[PlyCount "161"]
[EventDate "2017.09.29"]
[EventType "swiss"]
[EventRounds "10"]
[EventCountry "NOR"]
[SourceTitle "CBM 181 Extra"]
[Source "ChessBase"]
[SourceDate "2017.12.12"]
[SourceVersion "1"]
[SourceVersionDate "2017.12.12"]
[SourceQuality "1"]

1. d4 Nf6 2. c4 e6 3. Nc3 Bb4 4. Qc2 0-0 5. Nf3 d5 6. a3 Bxc3+ 7. Qxc3 dxc4 8. Qxc4 b6 9. Bg5 Ba6 10. Qc2 Nbd7 11. b4 c5 12. dxc5 bxc5 13. Qa4 Qb6 14. Rc1 cxb4 15. Rc6 Bb5 16. Rxb6 Bxa4 17. Rxb4 Bc6 18. Nd4 Bd5 19. f3 e5 20. Nf5 Be6 21. e4 a5 22. Rb5 Rfb8 23. Nd6 Ne8 24. Nxe8 Rxe8 25. Be2 Reb8 26. 0-0 f6 27. Be3 Rxb5 28. Bxb5 Rb8 29. a4 Nb6 30. Bxb6 Rxb6 31. Rd1 h5 32. Rd8+ Kh7 33. Ra8 Rd6 34. h4 Rd1+ 35. Kh2 Ra1 36. Rxa5 Bb3 37. Be8 Ra2 38. Ra8 Kh6 39. Bd7 g6 40. a5 Bc4 41. Kg1 Kg7 42. Bc8 Ra1+ 43. Kh2 Ra2 44. Bh3 Ra1 45. Kg3 Ra2 46. Ra7+ Kh6 47. Ra8 Kg7 48. Ra7+ Kh6 49. Rc7 Bf1 50. Rf7 Rxa5 51. Rxf6 Kg7 52. Rb6 Ra6 53. Rxa6 Bxa6 54. f4 Kf6 55. Kf3 Bf1 56. Kf2 Bb5 57. g3 Ba6 58. Ke3 Bb5 59. Kd2 Ba6 60. Kc3 Be2 61. Bg2 Ke6 62. Bh3+ Kf6 63. Kd2 Bb5 64. Ke3 Ba6 65. Bg2 Bb5 66. Kd2 Ba6 67. Kc3 Be2 68. Kb4 Bg4 69. Kc5 Ke6 70. Kc6 Ke7 71. Kd5 Kf6 72. fxe5+ Ke7 73. Bf1 Bc8 74. Kd4 Be6 75. Bc4 Bc8 76. Ke3 Bd7 77. Kf4 Be8 78. Kg5 Kf8 79. Kf6 g5 80. hxg5 h4 81. gxh4 1-0

[Event "Prague Summer op 4th"]
[Site "Prague"]
[Date "2017.08.11"]
[Round "9"]
[White "Lindblom, Roar"]
[Black "Haase, Pavel"]
[Result "0-1"]
[WhiteElo "1904"]
[BlackElo "2177"]
[PlyCount "130"]
[EventDate "2017.08.04"]
[EventType "swiss"]
[EventRounds "9"]
[EventCountry "CZE"]
[SourceTitle "CBM 179 Extra"]
[Source "ChessBase"]
[SourceDate "2017.08.23"]
[SourceVersion "1"]
[SourceVersionDate "2017.08.23"]
[SourceQuality "1"]

1. d4 Nf6 2. c4 g6 3. Nc3 d5 4. cxd5 Nxd5 5. e4 Nxc3 6. bxc3 Bg7 7. Bc4 c5 8. Ne2 0-0 9. 0-0 Nc6 10. Be3 Qa5 11. Qb3 Qc7 12. Qd1 Rd8 13. Rc1 e6 14. f4 a6 15. a4 Rb8 16. Bd3 cxd4 17. cxd4 Qb6 18. Rb1 Qa5 19. e5 Bf8 20. Qb3 Qb4 21. Rfc1 Qxb3 22. Rxb3 Bd7 23. Be4 Na5 24. Rbc3 Bxa4 25. Rc7 Bb5 26. Nc3 Bc6 27. Ra1 Nb3 28. Rb1 Nxd4 29. Bxd4 Bxe4 30. Nxe4 Rxd4 31. Nf6+ Kg7 32. Nd7 Rd8 33. Rbxb7 Rxf4 34. h3 Be7 35. Nf6 Bxf6 36. Rxf7+ Kh6 37. Rxh7+ Kg5 38. exf6 Rd1+ 39. Kh2 Rxf6 40. Rb6 e5 41. Rb3 e4 42. Re7 Kf5 43. Re3 Rd4 44. Kg3 a5 45. Ra7 Ra4 46. Rc3 Re6 47. Rc5+ Re5 48. Rxe5+ Kxe5 49. Kf2 Ra2+ 50. Ke3 Ra3+ 51. Ke2 a4 52. Ra6 g5 53. Ra8 Kf4 54. Rf8+ Kg3 55. Rg8 Kxg2 56. h4 Kg3 57. hxg5 Kf4 58. g6 Ra2+ 59. Kf1 Ra1+ 60. Ke2 Kf5 61. g7 Kg6 62. Re8 Kxg7 63. Rxe4 a3 64. Kf2 a2 65. Kg2 Rb1 0-1

[Event "Prague Summer op 4th"]
[Site "Prague"]
[Date "2017.08.10"]
[Round "8"]
[White "Zanikov, Konstantin"]
[Black "Lindblom, Roar"]
[Result "0-1"]
[WhiteElo "2083"]
[BlackElo "1904"]
[PlyCount "38"]
[EventDate "2017.08.04"]
[EventType "swiss"]
[EventRounds "9"]
[EventCountry "CZE"]
[SourceTitle "CBM 179 Extra"]
[Source "ChessBase"]
[SourceDate "2017.08.23"]
[SourceVersion "1"]
[SourceVersionDate "2017.08.23"]
[SourceQuality "1"]

1. e4 e5 2. Nf3 Nc6 3. d4 exd4 4. Nxd4 Nf6 5. Nxc6 bxc6 6. Bd3 d5 7. e5 Ng4 8. 0-0 Bc5 9. Bf4 f6 10. h3 fxe5 11. Bxe5 Nxe5 12. Qh5+ Nf7 13. Re1+ Be7 14. Nd2 Kf8 15. Re3 g6 16. Qf3 Kg7 17. Rae1 Bg5 18. R3e2 Bxd2 19. Rxd2 Qf6 0-1

[Event "Asker Autumn Master"]
[Site "Asker"]
[Date "2016.10.24"]
[Round "5"]
[White "Lindblom, Roar"]
[Black "Aulin Jansson, Joran"]
[Result "1-0"]
[WhiteElo "1842"]
[BlackElo "2280"]
[PlyCount "91"]
[EventDate "2016.08.29"]
[EventType "tourn"]
[EventRounds "9"]
[EventCountry "NOR"]
[SourceTitle "EXT 2024"]
[Source "ChessBase"]
[SourceDate "2023.10.10"]
[SourceVersion "1"]
[SourceVersionDate "2023.10.10"]
[SourceQuality "1"]

1. d4 Nf6 2. c4 e6 3. Nf3 c5 4. d5 b5 5. dxe6 fxe6 6. cxb5 d5 7. Bf4 Bb7 8. e3 Bd6 9. Bg3 0-0 10. Be2 Qe7 11. Bxd6 Qxd6 12. Nbd2 Nbd7 13. 0-0 e5 14. e4 d4 15. Bc4+ Kh8 16. Ng5 Qe7 17. f4 exf4 18. Ne6 Nxe4 19. Nxf4 Qg5 20. Nxe4 Bxe4 21. Qh5 Qxh5 22. Nxh5 Ne5 23. Ng3 Bxg2 24. Kxg2 Nxc4 25. Rxf8+ Rxf8 26. b3 Ne3+ 27. Kg1 Rf4 28. Rc1 c4 29. bxc4 d3 30. Nf1 Rxc4 31. Re1 Rg4+ 32. Kh1 g6 33. Rxe3 Rd4 34. Nd2 Ra4 35. Rxd3 Rxa2 36. Rd7 h5 37. Ne4 Kg8 38. Rd6 Kg7 39. Ra6 Rb2 40. Rxa7+ Kh6 41. Rb7 h4 42. b6 Re2 43. Re7 h3 44. Kg1 Rg2+ 45. Kf1 Rxh2 46. Nf2 1-0

[Event "Asker CC-ch Master"]
[Site "Asker"]
[Date "2016.03.07"]
[Round "6"]
[White "Aulin Jansson, Joran"]
[Black "Lindblom, Roar"]
[Result "1-0"]
[WhiteElo "2177"]
[BlackElo "1796"]
[PlyCount "89"]
[EventDate "2016.01.11"]
[EventType "swiss"]
[EventRounds "9"]
[EventCountry "NOR"]
[SourceTitle "EXT 2024"]
[Source "ChessBase"]
[SourceDate "2023.10.10"]
[SourceVersion "1"]
[SourceVersionDate "2023.10.10"]
[SourceQuality "1"]

1. e4 e5 2. Nf3 Nc6 3. Bb5 a6 4. Bxc6 dxc6 5. Nc3 f6 6. 0-0 Bd6 7. d4 exd4 8. Nxd4 Ne7 9. Qh5+ Ng6 10. Be3 0-0 11. Rad1 Qe8 12. Rfe1 Ne5 13. Qe2 Qg6 14. f3 Qh5 15. g4 Qf7 16. h3 Nc4 17. Bc1 Bc5 18. Kg2 Re8 19. b3 Nd6 20. Bf4 Bb4 21. Qd3 Be6 22. Rf1 Nb5 23. Nce2 Rad8 24. Qe3 Nxd4 25. Nxd4 Bc5 26. c3 Bb6 27. Qf2 c5 28. Nxe6 Qxe6 29. c4 Qe7 30. Be3 c6 31. b4 Qe5 32. Qc2 Bc7 33. f4 Qxe4+ 34. Qxe4 Rxe4 35. Bxc5 Re2+ 36. Kf3 Red2 37. Rxd2 Rxd2 38. Re1 Rd7 39. Re8+ Kf7 40. Rf8+ Kg6 41. f5+ Kg5 42. Be3+ Kh4 43. Rh8 h6 44. Bxh6 Rd3+ 45. Be3# 1-0

[Event "Asker Host A"]
[Site "Asker"]
[Date "2015.08.31"]
[Round "1"]
[White "Wilhelmsen, Fredrik"]
[Black "Lindblom, Roar"]
[Result "0-1"]
[WhiteElo "1607"]
[BlackElo "1900"]
[PlyCount "116"]
[EventDate "2015.08.31"]
[EventType "tourn"]
[EventRounds "9"]
[EventCountry "NOR"]
[SourceTitle "EXT 2018"]
[Source "ChessBase"]
[SourceDate "2017.10.13"]
[SourceVersion "1"]
[SourceVersionDate "2017.10.13"]
[SourceQuality "1"]

1. e4 e5 2. Nf3 Nc6 3. Bb5 a6 4. Ba4 d6 5. Bxc6+ bxc6 6. d4 exd4 7. Nxd4 c5 8. Nf3 Bb7 9. Nc3 g6 10. 0-0 Bg7 11. Re1 Ne7 12. Nd5 0-0 13. c4 Nc6 14. Be3 Rb8 15. Nc3 Re8 16. Qb1 Na5 17. Qd3 Nc6 18. Nd2 Nb4 19. Qb1 Qd7 20. a3 Nc6 21. Qd3 h6 22. Rab1 Ne5 23. Qe2 Ng4 24. Nf3 Bxe4 25. Nxe4 Rxe4 26. Qc2 Ree8 27. Bd2 Rxe1+ 28. Bxe1 Ne5 29. Nxe5 Bxe5 30. Bc3 Bxc3 31. Qxc3 Re8 32. Kf1 Qg4 33. f3 Qe6 34. Re1 Qxe1+ 35. Qxe1 Rxe1+ 36. Kxe1 Kg7 37. Kd2 Kf6 38. Kd3 Ke5 39. g3 g5 40. b4 cxb4 41. axb4 f5 42. h3 c6 43. Ke3 f4+ 44. gxf4+ gxf4+ 45. Kd3 d5 46. h4 h5 47. Kc3 Ke6 48. Kd3 Ke5 49. Kc3 Ke6 50. Kd3 Kd7 51. Kc3 c5 52. bxc5 dxc4 53. Kxc4 Kc6 54. Kb4 a5+ 55. Kxa5 Kxc5 56. Ka4 Kd4 57. Kb3 Ke3 58. Kc3 Kxf3 0-1

[Event "Barcelona Sants op 17th"]
[Site "Barcelona"]
[Date "2015.08.22"]
[Round "2"]
[White "Domingo Nunez, Ruben"]
[Black "Lindblom, Roar"]
[Result "1-0"]
[WhiteElo "2281"]
[BlackElo "1900"]
[PlyCount "47"]
[EventDate "2015.08.21"]
[EventType "swiss"]
[EventRounds "10"]
[EventCountry "ESP"]
[SourceTitle "EXT 2016"]
[Source "ChessBase"]
[SourceDate "2015.10.08"]
[SourceVersion "1"]
[SourceVersionDate "2015.10.08"]
[SourceQuality "1"]

1. e4 e5 2. Nf3 Nc6 3. Bc4 Nf6 4. d3 Bc5 5. c3 d6 6. h3 0-0 7. Nbd2 a6 8. Bb3 h6 9. 0-0 b5 10. Re1 Re8 11. Nf1 Bb7 12. Ng3 Ne7 13. Nh4 Rf8 14. Qf3 Kh7 15. d4 Bb6 16. dxe5 dxe5 17. Nh5 Nxh5 18. Qxh5 Ng6 19. Nf5 Qf6 20. Bxh6 gxh6 21. Qxh6+ Kg8 22. g4 c5 23. g5 Qh8 24. Qxg6+ 1-0

[Event "Asker CC-ch"]
[Site "Asker"]
[Date "2015.03.23"]
[Round "6"]
[White "Aulin Jansson, Joran"]
[Black "Lindblom, Roar"]
[Result "1-0"]
[WhiteElo "2181"]
[BlackElo "1827"]
[PlyCount "95"]
[EventDate "2015.01.12"]
[EventType "tourn"]
[EventRounds "9"]
[EventCountry "NOR"]
[SourceTitle "EXT 2018"]
[Source "ChessBase"]
[SourceDate "2017.10.13"]
[SourceVersion "1"]
[SourceVersionDate "2017.10.13"]
[SourceQuality "1"]

1. e4 e5 2. Nf3 Nc6 3. Bb5 a6 4. Bxc6 dxc6 5. Nc3 Bc5 6. d3 f6 7. 0-0 Ne7 8. Be3 Bb6 9. Re1 Ng6 10. d4 exd4 11. Bxd4 Bxd4 12. Qxd4 Qxd4 13. Nxd4 0-0 14. Rad1 Re8 15. f3 Nf4 16. Nce2 Nxe2+ 17. Rxe2 c5 18. Nb3 b6 19. Kf2 Be6 20. Red2 Kf8 21. h3 Ke7 22. f4 Rad8 23. Ke3 Rxd2 24. Rxd2 Bd7 25. Nc1 Bc6 26. Ne2 Kf7 27. Nc3 Bxe4 28. Nxe4 f5 29. Rd7+ Kg6 30. Rxc7 Rxe4+ 31. Kd3 Re6 32. a4 h5 33. a5 Kf6 34. b3 bxa5 35. Rxc5 h4 36. Rxa5 g5 37. fxg5+ Kxg5 38. Ra4 f4 39. Ra5+ Kg6 40. b4 Re3+ 41. Kd4 Rg3 42. Rxa6+ Kf5 43. Ra5+ Kf6 44. c4 Rxg2 45. Ke4 Rc2 46. Rc5 Rc3 47. b5 Rxh3 48. b6 1-0

[Event "Politiken Cup 36th"]
[Site "Helsingor"]
[Date "2014.07.25"]
[Round "6"]
[White "Franzen, Per Erik"]
[Black "Lindblom, Roar"]
[Result "1-0"]
[WhiteElo "2050"]
[BlackElo "1865"]
[PlyCount "49"]
[EventDate "2014.07.21"]
[EventType "swiss"]
[EventRounds "10"]
[EventCountry "DEN"]
[SourceTitle "CBM 161 Extra"]
[Source "ChessBase"]
[SourceDate "2014.08.29"]
[SourceVersion "1"]
[SourceVersionDate "2014.08.29"]
[SourceQuality "1"]

1. d4 d5 2. Nf3 Nf6 3. c4 c6 4. Qc2 g6 5. e3 Bf5 6. Bd3 Bxd3 7. Qxd3 Bg7 8. 0-0 Nbd7 9. cxd5 cxd5 10. Nc3 0-0 11. Bd2 e6 12. Rfc1 a6 13. Rc2 Rc8 14. Rac1 b5 15. Nxd5 Rxc2 16. Nxf6+ Nxf6 17. Qxc2 Qd5 18. b3 Ne4 19. Qc6 Ra8 20. Qxd5 exd5 21. Ba5 Kf8 22. Kf1 Ra7 23. Ke2 Ke8 24. Ne1 Bf8 25. Rc8+ 1-0

[Event "Politiken Cup 36th"]
[Site "Helsingor"]
[Date "2014.07.22"]
[Round "2"]
[White "Lindblom, Roar"]
[Black "Morling, Aase"]
[Result "1-0"]
[WhiteElo "1865"]
[BlackElo "1531"]
[PlyCount "67"]
[EventDate "2014.07.21"]
[EventType "swiss"]
[EventRounds "10"]
[EventCountry "DEN"]
[SourceTitle "CBM 161 Extra"]
[Source "ChessBase"]
[SourceDate "2014.08.29"]
[SourceVersion "1"]
[SourceVersionDate "2014.08.29"]
[SourceQuality "1"]

1. d4 Nf6 2. c4 e6 3. Nf3 Bb4+ 4. Bd2 Qe7 5. Nc3 Bxc3 6. Bxc3 Ne4 7. Qc2 Nxc3 8. Qxc3 0-0 9. g3 Nc6 10. a3 d6 11. Bg2 Rb8 12. 0-0 Qf6 13. b4 a6 14. e4 e5 15. d5 Nd4 16. Nxd4 exd4 17. Qd2 Bg4 18. f3 Bd7 19. a4 b5 20. c5 dxc5 21. bxc5 b4 22. c6 Bc8 23. a5 b3 24. Rab1 Rb5 25. Rfd1 Qd6 26. Qxd4 Qc5 27. Qxc5 Rxc5 28. Rxb3 Rxa5 29. g4 Rb5 30. Rxb5 axb5 31. e5 Re8 32. d6 cxd6 33. exd6 Ba6 34. d7 1-0

[Event "Politiken Cup 36th"]
[Site "Helsingor"]
[Date "2014.07.21"]
[Round "1"]
[White "Veng, Johny"]
[Black "Lindblom, Roar"]
[Result "1-0"]
[WhiteElo "2244"]
[BlackElo "1865"]
[PlyCount "59"]
[EventDate "2014.07.21"]
[EventType "swiss"]
[EventRounds "10"]
[EventCountry "DEN"]
[SourceTitle "CBM 161 Extra"]
[Source "ChessBase"]
[SourceDate "2014.08.29"]
[SourceVersion "1"]
[SourceVersionDate "2014.08.29"]
[SourceQuality "1"]

1. d4 d5 2. c4 c6 3. Nf3 Nf6 4. e3 g6 5. Nc3 Bg7 6. Be2 0-0 7. 0-0 Ne4 8. Qb3 Nxc3 9. bxc3 e6 10. a4 Nd7 11. Rd1 Qc7 12. a5 Rb8 13. cxd5 exd5 14. Ba3 Re8 15. c4 Nf6 16. Rdc1 Be6 17. Ng5 h6 18. Nxe6 fxe6 19. Qc2 Qf7 20. Bd3 Kh7 21. Bd6 Rbd8 22. c5 Nd7 23. a6 b6 24. cxb6 Nxb6 25. Qxc6 Bf8 26. Bg3 Rc8 27. Qb7 Re7 28. Rxc8 Rxb7 29. axb7 Qxb7 30. Rc7+ 1-0